000 00437nam a22001937a 4500
003 MPLRDC
005 20220104143315.0
008 210129b ||||| |||| 00| 0 eng d
020 _a962-22-0085-0
082 _a848.3 HZ-11
100 _a黄沾著
245 _a广告人告白
_c
250 _a再版
260 _a
_b明窗出版社
_c1989
300 _b
490 _a知识系列
650 _a
942 _cBK
_o848.3 HZ-11
999 _c38622
_d38612